Dream smp members - Statistics

General Stats
  • This quiz has been taken 117 times
  • The average score is 14 of 15
Answer Stats
Hint Answer % Correct
The god of the server dream
100%
Sleeps all the time george
99%
Enderman ranboo
99%
Pet killer sapnap
98%
Child tommy
98%
Blew up a country wilbur
98%
Old man philza
97%
Diamond man skeppy
97%
ANARCHY techno
94%
President tubbo
94%
Roses hannah
93%
EGG EGG EGG badboyhalo
91%
Woman that deserves a apology niki
90%
DRUGS quackity
88%
Sheeshhhh karl
40%
No matching quizzes found
Score Distribution
Percent of People with Each Score
Percentile by Number Answered
Your Score History
You have not taken this quiz